000 00555nam a22001697a 4500
005 20241001121528.0
008 241001b |||||||| |||| 00| 0 eng d
020 _a1405506998
082 _a649.122
_bMUE-Y
100 _aMueser , Anne Marie
245 _aYour Baby and Toddler from Birth to 3 Years :
_c a Step-By-Step Guide to Your Child's Development/
_bby Anne Marie Mueser
260 _aLondon :
_bGardners Book ;
_c2004
300 _a248 p. :
_bcol. ill ;
_c24 cm
500 _aInclude Index.
650 _aFood science / Nutrition
999 _c36590
_d36590